000 00387nam a2200133Ia 4500
008 100328s9999 xx 000 0 und d
082 _b21715
100 _aधुमकेतू
245 _aमहा अमात्य
260 _bवोरा अॅन्ड कंपनी
630 _aमहा अमात्य
730 _aमहा अमात्य
942 _cBOOK
999 _c515706
_d515703